[Event "Open SSM Luglio"]
[Site "Milano ITA"]
[Date "2015.07.04"]
[Round "3"]
[White "Spelta, Andrea"]
[Black "Vece, Luigi"]
[WhiteElo "1788"]
[BlackElo "1565"]
[Result "1-0"]
[PlyCount "39"]
[EventDate "2015.07.02"]

1. Nf3 c5 2. g3 Nf6 3. Bg2 d5 4. O-O Nc6 5. d4 cxd4 6. Nxd4 e5 7. Nxc6 bxc6 8.
c4 Be7 9. Bg5 Be6 10. Nc3 e4 11. cxd5 cxd5 12. e3 O-O 13. Rc1 Rb8 14. b3 h6 15.
Bf4 Rb7 16. Be5 Qa5 17. Qd2 Nd7 18. Bd4 Rc8 19. Nxe4 Qxd2 20. Rxc8+ 1-0

[Event "Open SSM Luglio"]
[Site "Milano ITA"]
[Date "2015.07.05"]
[Round "4"]
[White "Carli, Federico"]
[Black "Brisotto, Stefano"]
[WhiteElo "1677"]
[BlackElo "1464"]
[Result "1-0"]
[PlyCount "55"]
[EventDate "2015.07.02"]

1. e4 c5 2. c3 Nf6 3. e5 Nd5 4. d4 cxd4 5. cxd4 Nc6 6. Nf3 d6 7. Bc4 Nb6 8. Bb5
dxe5 9. Nxe5 Bd7 10. Nxd7 Qxd7 11. Nc3 e6 12. O-O Be7 13. Be3 O-O 14. Rc1 Nd5
15. Nxd5 exd5 16. a3 Rac8 17. Be2 Na5 18. Rxc8 Rxc8 19. Bg4 f5 20. Bf3 Nc4 21.
Qb3 Re8 22. Rc1 b6 23. g3 Nxe3 24. fxe3 Bg5 25. Bxd5+ Kh8 26. Bc6 Rxe3 27. Bxd7
Rxb3 28. Rc8+ 1-0

[Event "Open SSM Luglio"]
[Site "Milano ITA"]
[Date "2015.07.04"]
[Round "4"]
[White "Fantina, Carla"]
[Black "Frignani, Alessandro"]
[WhiteElo "1314"]
[BlackElo "1403"]
[Result "1-0"]
[PlyCount "72"]
[EventDate "2015.07.02"]

1. c4 c5 2. g3 Nc6 3. Bg2 Ne5 4. d3 Qa5+ 5. Nc3 Rb8 6. Bd2 Qb6 7. Qc2 d6 8. Nd5
Qd8 9. f4 Nc6 10. Nf3 e6 11. Ne3 Nf6 12. a3 h6 13. O-O Qb6 14. Bc3 Be7 15. h3
Rg8 16. Bxf6 Bxf6 17. Rab1 Bd7 18. Ng4 Be7 19. e3 h5 20. Nf2 Qc7 21. Qe2 g6 22.
Ne4 b5 23. cxb5 Rxb5 24. Nc3 Rb3 25. Nd2 Rb7 26. b3 Bf6 27. Nce4 Bg7 28. Ng5 f6
29. Ngf3 Qa5 30. Nc4 Qc7 31. Nh4 d5 32. Nd2 Kf7 33. Ndf3 Ne7 34. Qd2 Rgb8 35.
Qc2 Qa5 36. d4 cxd4 {...} 1-0

[Event "Open SSM Luglio"]
[Site "Milano ITA"]
[Date "2015.07.05"]
[Round "4"]
[White "Lattanzio, Savino"]
[Black "Cazzaniga, Walter"]
[WhiteElo "2155"]
[BlackElo "2163"]
[Result "0-1"]
[PlyCount "63"]
[EventDate "2015.07.02"]

1. d4 Nf6 2. Nf3 g6 3. Nbd2 d5 4. c4 c6 5. e3 Bg7 6. Be2 O-O 7. O-O a5 8. b3
Ne4 9. Bb2 Bf5 10. Rc1 a4 11. bxa4 Nc5 12. Ba3 Nxa4 13. cxd5 Qxd5 14. Bxe7 Re8
15. Bc4 Nb2 16. Bxd5 Nxd1 17. Rfxd1 cxd5 18. Bd6 Rxa2 19. Rc5 Na6 20. Rb5 Rd8
21. Bf4 Rd7 22. h3 f6 23. g4 Bd3 24. Rb6 g5 25. Bg3 Kf7 26. Rc1 Bf8 27. Rc3 Bc2
28. Rc8 Bb4 29. Be5 Be7 30. Kg2 Bg6 31. Nf1 Kg7 32. Bg3 {...} 0-1

[Event "Open SSM Luglio"]
[Site "Milano ITA"]
[Date "2015.07.05"]
[Round "4"]
[White "Libutti, Michele"]
[Black "Astengo, Corrado"]
[WhiteElo "1770"]
[BlackElo "2114"]
[Result "0-1"]
[PlyCount "88"]
[EventDate "2015.07.02"]

1. d4 d5 2. c4 e6 3. Nc3 c6 4. Nf3 dxc4 5. e4 b5 6. g3 Bb4 7. Bg2 Nf6 8. Bg5
Qa5 9. Qc2 Nbd7 10. O-O O-O 11. Rad1 h6 12. Bd2 Bb7 13. a3 Bxc3 14. Bxc3 Qc7
15. Rfe1 a5 16. Nh4 Rfe8 17. b3 cxb3 18. Qxb3 Qb6 19. Kh1 c5 20. d5 c4 21. Qb2
e5 22. Nf5 Ng4 23. Rf1 Nc5 24. h3 Na4 25. Qd2 Nxc3 26. hxg4 Nxd1 27. Rxd1 Qg6
28. d6 Qxg4 29. Ne7+ Kh7 30. d7 Red8 31. Nf5 Bc6 32. f3 Qg5 33. Qc3 Rxd7 34.
Rxd7 Bxd7 35. Qxe5 Bxf5 36. exf5 b4 37. f4 Qh5+ 38. Kg1 Rd8 39. axb4 Rd1+ 40.
Kf2 Rd2+ 41. Kg1 axb4 42. Qe4 Qe2 43. f6+ Qxe4 44. Bxe4+ g6 0-1

[Event "Open SSM Luglio"]
[Site "Milano ITA"]
[Date "2015.07.05"]
[Round "4"]
[White "Mazzoccoli, Simone"]
[Black "Finocchiaro, Gianluca"]
[WhiteElo "1786"]
[BlackElo "2018"]
[Result "1/2-1/2"]
[PlyCount "60"]
[EventDate "2015.07.02"]

1. e4 Nc6 2. d4 d5 3. e5 Bf5 4. a3 e6 5. Nc3 f6 6. Nf3 Bg4 7. Bb5 fxe5 8. dxe5
Nge7 9. h3 Bh5 10. Bg5 Qd7 11. g4 Bf7 12. Bxe7 Bxe7 13. Qd2 a6 14. Bxc6 Qxc6
15. O-O-O O-O-O 16. Kb1 Rhf8 17. Qe3 Bc5 18. Nd4 Qd7 19. Rhf1 Bb6 20. Qe2 c5
21. Nb3 Bg6 22. f4 d4 23. Ne4 Qd5 24. Nd6+ Rxd6 25. exd6 d3 26. Rxd3 Bxd3 27.
Qxd3 Qxd3 28. cxd3 Kd7 29. Nd2 Kxd6 30. Nc4+ Kc7 1/2-1/2

[Event "Open SSM Luglio"]
[Site "Milano ITA"]
[Date "2015.07.05"]
[Round "4"]
[White "Mollichella, Claudio"]
[Black "Madaschi, Sergio"]
[WhiteElo "1428"]
[BlackElo "1523"]
[Result "1-0"]
[PlyCount "61"]
[EventDate "2015.07.02"]

1. d4 Nf6 2. c4 g6 3. Nc3 Bg7 4. e4 d6 5. Nf3 O-O 6. Be2 e5 7. d5 c6 8. O-O
Nbd7 9. h3 cxd5 10. cxd5 Nc5 11. Qc2 Ne8 12. b4 Nd7 13. a4 Qc7 14. Bd3 Nb8 15.
Be3 f5 16. Ng5 f4 17. Bd2 h6 18. Nf3 g5 19. Rfc1 g4 20. hxg4 Bxg4 21. Nb5 Qxc2
22. Rxc2 Bxf3 23. gxf3 Na6 24. Rac1 Rf6 25. Rc8 Rxc8 26. Rxc8 Kf7 27. Nxa7 Rg6+
28. Kf1 h5 29. Bb5 h4 30. Bxe8+ Kf6 31. Bxg6 1-0

[Event "Open SSM Luglio"]
[Site "Milano ITA"]
[Date "2015.07.05"]
[Round "4"]
[White "Moreschi, Mauro"]
[Black "Poletto, Daniele"]
[WhiteElo "1825"]
[BlackElo "1712"]
[Result "1-0"]
[PlyCount "59"]
[EventDate "2015.07.02"]

1. e4 c5 2. Nf3 e6 3. b3 d5 4. Bb5+ Bd7 5. Bxd7+ Nxd7 6. exd5 exd5 7. Qe2+ Qe7
8. Nc3 Qxe2+ 9. Kxe2 Ngf6 10. Nb5 Kd8 11. Ng5 h6 12. Nxf7+ Ke8 13. Nbd6+ Bxd6
14. Nxd6+ Ke7 15. Nxb7 Rab8 16. Nxc5 Nxc5 17. Ba3 Nfd7 18. d4 Kd6 19. Bxc5+
Nxc5 20. dxc5+ Kxc5 21. Kd3 Rhf8 22. f3 g5 23. Rae1 Rb6 24. Re5 Rg6 25. c4 Rd8
26. Rc1 Kb4 27. Rxd5 Rxd5+ 28. cxd5 g4 29. Rc4+ Ka3 30. Kc2 1-0

[Event "Open SSM Luglio"]
[Site "Milano ITA"]
[Date "2015.07.05"]
[Round "4"]
[White "Nikonov, Maxim"]
[Black "Bemporad, Filippo"]
[WhiteElo "1535"]
[BlackElo "2042"]
[Result "1/2-1/2"]
[PlyCount "111"]
[EventDate "2015.07.02"]

1. e4 c5 2. Nf3 d6 3. d4 cxd4 4. Nxd4 Nf6 5. Nc3 e6 6. Be2 Be7 7. O-O O-O 8.
Be3 Nc6 9. h3 a6 10. Re1 Qc7 11. a4 Rb8 12. Bf1 Bd7 13. g3 Na5 14. Bg2 Rfc8 15.
Qc1 b5 16. axb5 axb5 17. Ra2 Nc4 18. Qa1 Nxe3 19. Rxe3 b4 20. Nce2 e5 21. Ra7
Qc5 22. Ra5 Qc4 23. b3 Qc7 24. Ra7 Qd8 25. Nf5 Bxf5 26. exf5 Rxc2 27. Nd4 Rbc8
28. Nxc2 Rxc2 29. Ra8 Rc8 30. Rxc8 Qxc8 31. Qa8 Qxa8 32. Bxa8 Kf8 33. Kf1 Bd8
34. Rd3 Ke7 35. Ke2 Bb6 36. Bd5 Bd4 37. Bf3 Bc3 38. Bd5 Nd7 39. Rd1 Nb6 40. Kf3
Bd4 41. Be4 d5 42. Bc2 Kd6 43. g4 Na8 44. h4 Nc7 45. g5 Nb5 46. h5 Bc3 47. g6
fxg6 48. h6 gxh6 49. fxg6 hxg6 50. Bxg6 Nd4+ 51. Ke3 Nxb3 52. f4 exf4+ 53. Kxf4
Kc5 54. Bf7 Bd2+ 55. Kf3 Kc4 56. Ke2 1/2-1/2

[Event "Open SSM Luglio"]
[Site "Milano ITA"]
[Date "2015.07.05"]
[Round "4"]
[White "Pelizzola, Danilo"]
[Black "Aloe, Giancarlo"]
[WhiteElo "2064"]
[BlackElo "1711"]
[Result "1-0"]
[PlyCount "137"]
[EventDate "2015.07.02"]

1. e4 d5 2. exd5 Qxd5 3. Nc3 Qe5+ 4. Qe2 Qxe2+ 5. Bxe2 Bf5 6. Bf3 c6 7. d3 Nf6
8. Nge2 Nbd7 9. Ng3 Bg6 10. Bf4 e5 11. Bd2 Bd6 12. O-O-O O-O 13. Nce4 Bc7 14.
Nxf6+ Nxf6 15. Bc3 Rfe8 16. Ne4 Nd5 17. Bd2 a5 18. Nc3 Red8 19. Be4 f5 20. Bf3
a4 21. a3 b5 22. h3 Bf7 23. Rde1 Bd6 24. Bxd5 Bxd5 25. Nxd5 cxd5 26. g4 f4 27.
Bc3 d4 28. Bd2 Rdc8 29. Kb1 Rc6 30. f3 Rac8 31. Rc1 Rb8 32. Rhe1 g5 33. c3 Rbc8
34. cxd4 Rxc1+ 35. Bxc1 exd4 36. Re4 Bc5 37. Re5 h6 38. Bd2 Kf7 39. Be1 Kf6 40.
Re4 Rb8 41. h4 b4 42. axb4 Bxb4 43. hxg5+ hxg5 44. Bf2 Bc3 45. Bxd4+ Bxd4 46.
Rxd4 a3 47. b4 Ke5 48. Rc4 Rd8 49. Kc2 a2 50. Re4+ Kd5 51. Kb2 Ra8 52. Re1 Kd4
53. Ka1 Kxd3 54. Re5 Kc3 55. Rxg5 Kb3 56. Rd5 Rf8 57. b5 Kc4 58. Rf5 Rb8 59.
Kxa2 Kd3 60. Rxf4 Rxb5 61. Rf5 Rb6 62. g5 Rg6 63. f4 Rg8 64. Rf6 Ke4 65. g6 Kd5
66. f5 Ke5 67. Rf7 Kf4 68. g7 Kg5 69. f6 1-0

[Event "Open SSM Luglio"]
[Site "Milano ITA"]
[Date "2015.07.05"]
[Round "4"]
[White "Ricciardi, Arcangelo"]
[Black "Spelta, Andrea"]
[WhiteElo "1766"]
[BlackElo "1788"]
[Result "1-0"]
[PlyCount "53"]
[EventDate "2015.07.02"]

1. e4 e6 2. d4 d5 3. exd5 exd5 4. Bd3 Bd6 5. Nc3 c6 6. Nf3 Bg4 7. O-O Ne7 8. h3
Bh5 9. Re1 Nd7 10. Qe2 Bxf3 11. Qxf3 O-O 12. Bg5 f6 13. Bd2 Re8 14. Re2 Nf8 15.
Rae1 Qd7 16. h4 Neg6 17. Nxd5 cxd5 18. Qxd5+ Kh8 19. Bc4 Ne6 20. Rxe6 Rxe6 21.
Rxe6 Rd8 22. h5 Ne7 23. Qe4 b5 24. Bxb5 Qxb5 25. Rxd6 Rxd6 26. Qxe7 Qb8 27. Bf4
1-0

[Event "Open SSM Luglio"]
[Site "Milano ITA"]
[Date "2015.07.05"]
[Round "4"]
[White "Ruggeri, Igor"]
[Black "Biava, Pierluigi"]
[WhiteElo "1528"]
[BlackElo "1588"]
[Result "1/2-1/2"]
[PlyCount "53"]
[EventDate "2015.07.02"]

1. d4 e6 2. c4 f5 3. Nf3 Nf6 4. g3 Be7 5. Bg2 O-O 6. O-O c6 7. Nc3 d5 8. cxd5
exd5 9. b3 Ne4 10. Bb2 Nd7 11. e3 Ndf6 12. Ne5 Bb4 13. Rc1 Qa5 14. Nxe4 Nxe4
15. Bxe4 fxe4 16. a4 Bh3 17. Rc2 Rf6 18. Ng4 Rg6 19. Ne5 Re6 20. Qh5 Rxe5 21.
Qxh3 Re7 22. Rfc1 Rf8 23. Bc3 Bxc3 24. Rxc3 Ref7 25. R1c2 Qd8 26. b4 a6 27. Rc5
1/2-1/2

[Event "Open SSM Luglio"]
[Site "Milano ITA"]
[Date "2015.07.05"]
[Round "4"]
[White "Vece, Luigi"]
[Black "Colica, Daniele"]
[WhiteElo "1565"]
[BlackElo "1686"]
[Result "0-1"]
[PlyCount "82"]
[EventDate "2015.07.02"]

1. e4 d5 2. exd5 Nf6 3. d4 Bg4 4. f3 Bf5 5. Bb5+ Bd7 6. Bxd7+ Qxd7 7. c4 c6 8.
dxc6 Nxc6 9. Ne2 e6 10. Be3 Be7 11. Nbc3 O-O 12. Qd2 Rac8 13. O-O Rfd8 14. Rfd1
Bb4 15. a3 Be7 16. Rac1 Na5 17. Rc2 Nxc4 18. Qd3 Nxe3 19. Qxe3 Nd5 20. Qd3 Bg5
21. Nxd5 Qxd5 22. Kf1 Qd6 23. g3 Rc6 24. Nc3 Qd7 25. Ne4 Be7 26. b4 b6 27. Ke2
Rdc8 28. Rxc6 Rxc6 29. Rd2 Qc7 30. d5 exd5 31. Qxd5 Rc2 32. Rxc2 Qxc2+ 33. Nd2
Qa4 34. Qb3 Qa6+ 35. Qd3 Qc8 36. g4 Qc7 37. Qd5 Qxh2+ 38. Ke3 g6 39. Qa8+ Kg7
40. Qxa7 Bg5+ 41. Kd3 Qxd2+ 0-1

[Event "Open SSM Luglio"]
[Site "Milano ITA"]
[Date "2015.07.05"]
[Round "4"]
[White "Vezzosi, Paolo"]
[Black "Maccari, Piergiuseppe"]
[WhiteElo "2349"]
[BlackElo "1812"]
[Result "1-0"]
[PlyCount "67"]
[EventDate "2015.07.02"]

1. e4 c5 2. Nc3 e6 3. Nf3 Nf6 4. e5 Nd5 5. Nxd5 exd5 6. d4 d6 7. c3 Be7 8. exd6
Qxd6 9. dxc5 Qe6+ 10. Be3 Bxc5 11. Bb5+ Bd7 12. O-O Bxe3 13. Re1 O-O 14. Rxe3
Qb6 15. Bxd7 Nxd7 16. Qe2 Nf6 17. Re1 h6 18. Nd4 Rfe8 19. Qb5 Rxe3 20. Rxe3
Qxb5 21. Nxb5 Kf8 22. f3 a6 23. Nd4 Re8 24. Kf2 Nd7 25. Rxe8+ Kxe8 26. Nf5 g6
27. Nd6+ Ke7 28. Nxb7 Ne5 29. Ke2 f5 30. b4 Nc6 31. Nc5 d4 32. Nxa6 dxc3 33.
Kd3 Kd6 34. Kxc3 1-0

[Event "Open SSM Luglio"]
[Site "Milano ITA"]
[Date "2015.07.05"]
[Round "5"]
[White "Aloe, Giancarlo"]
[Black "Fantina, Carla"]
[WhiteElo "1711"]
[BlackElo "1314"]
[Result "1-0"]
[PlyCount "59"]
[EventDate "2015.07.02"]

1. d4 Nf6 2. Nf3 g6 3. g3 Bg7 4. Bg2 O-O 5. O-O d6 6. c4 c6 7. Nbd2 Nbd7 8. b3
Rb8 9. Bb2 a5 10. Qc2 c5 11. e3 b6 12. Rfe1 Bb7 13. Rad1 Qc8 14. d5 Ba6 15. e4
b5 16. e5 Ne8 17. exd6 Nxd6 18. Bxg7 Kxg7 19. Rxe7 Nf5 20. Ree1 bxc4 21. bxc4
Qc7 22. Ne4 Rb4 23. Bf1 Rfb8 24. d6 Qb6 25. Qc3+ f6 26. Nfg5 Ne5 27. Ne6+ Kf7
28. N6xc5 Rb1 29. Rxb1 Qxc5 30. Nxc5 1-0

[Event "Open SSM Luglio"]
[Site "Milano ITA"]
[Date "2015.07.05"]
[Round "5"]
[White "Astengo, Corrado"]
[Black "Pelizzola, Danilo"]
[WhiteElo "2114"]
[BlackElo "2064"]
[Result "1/2-1/2"]
[PlyCount "31"]
[EventDate "2015.07.02"]

1. e4 e5 2. Nf3 Nc6 3. d4 exd4 4. Bc4 Bc5 5. c3 d3 6. Qxd3 d6 7. b4 Bb6 8. a4
a6 9. O-O Nf6 10. Bf4 O-O 11. Nbd2 Qe7 12. Bb3 Bg4 13. h3 Bh5 14. Rfe1 Ne5 15.
Nxe5 dxe5 16. Be3 1/2-1/2

[Event "Open SSM Luglio"]
[Site "Milano ITA"]
[Date "2015.07.05"]
[Round "5"]
[White "Bemporad, Filippo"]
[Black "Mazzoccoli, Simone"]
[WhiteElo "2042"]
[BlackElo "1786"]
[Result "1-0"]
[PlyCount "53"]
[EventDate "2015.07.02"]

1. d4 Nf6 2. Nf3 g6 3. c4 Bg7 4. Nc3 d6 5. e4 O-O 6. Be2 c5 7. O-O cxd4 8. Nxd4
Nc6 9. Be3 Bd7 10. Rc1 Nxd4 11. Bxd4 Bc6 12. f3 a5 13. Qd2 Nd7 14. Be3 Nc5 15.
Rfd1 Rc8 16. Bf1 a4 17. g3 Kh8 18. Bh3 Rb8 19. Nd5 Bxd5 20. cxd5 Nd7 21. b4
axb3 22. axb3 Ra8 23. Rc2 Ra1 24. Rxa1 Bxa1 25. b4 Bg7 26. Qc1 Ne5 27. Rc8 1-0

[Event "Open SSM Luglio"]
[Site "Milano ITA"]
[Date "2015.07.05"]
[Round "5"]
[White "Biava, Pierluigi"]
[Black "Libutti, Michele"]
[WhiteElo "1588"]
[BlackElo "1770"]
[Result "1/2-1/2"]
[PlyCount "47"]
[EventDate "2015.07.02"]

1. d4 Nf6 2. c4 g6 3. Nc3 Bg7 4. e4 d6 5. f3 O-O 6. Be3 Nbd7 7. Nge2 c5 8. b3
Qa5 9. Qd2 a6 10. g4 b5 11. Ng3 bxc4 12. bxc4 cxd4 13. Bxd4 Ne5 14. Be2 Be6 15.
Nd5 Qxd2+ 16. Kxd2 Nxd5 17. cxd5 Bd7 18. Ke3 Rfc8 19. Rac1 Bh6+ 20. f4 Nxg4+
21. Bxg4 Bxg4 22. h3 Rxc1 23. Rxc1 Bxh3 24. Rh1 1/2-1/2

[Event "Open SSM Luglio"]
[Site "Milano ITA"]
[Date "2015.07.05"]
[Round "5"]
[White "Bracco, Valter"]
[Black "Vece, Luigi"]
[WhiteElo "1400"]
[BlackElo "1565"]
[Result "0-1"]
[PlyCount "72"]
[EventDate "2015.07.02"]

1. e4 e5 2. Nf3 Nc6 3. Bb5 a6 4. Ba4 Nf6 5. O-O b5 6. Bb3 Be7 7. Re1 O-O 8. c3
d6 9. d3 Na5 10. Bc2 c5 11. Nbd2 Bd7 12. Nf1 Nc6 13. a3 a5 14. Be3 Qc7 15. h3
Rab8 16. Qd2 b4 17. cxb4 cxb4 18. axb4 Nxb4 19. Rec1 Qb7 20. Bd1 Qa6 21. Be2
Bb5 22. Rc3 Nxe4 23. dxe4 Bxe2 24. Ng3 Bxf3 25. gxf3 g6 26. Kh2 Rfc8 27. Rg1
Kf8 28. Bh6+ Ke8 29. f4 Rxc3 30. bxc3 Qd3 31. Qb2 Qc2 32. Qa3 Qa2 33. Qc1 Nd3
34. Qf1 Qxf2+ 35. Qxf2 Nxf2 36. f5 Rb3 0-1

[Event "Open SSM Luglio"]
[Site "Milano ITA"]
[Date "2015.07.05"]
[Round "5"]
[White "Brisotto, Stefano"]
[Black "Mollichella, Claudio"]
[WhiteElo "1464"]
[BlackElo "1428"]
[Result "0-1"]
[PlyCount "104"]
[EventDate "2015.07.02"]

1. e4 e5 2. Nf3 Nc6 3. Bb5 a6 4. Bxc6 dxc6 5. O-O f6 6. d4 Bg4 7. h3 Bxf3 8.
Qxf3 Bd6 9. dxe5 fxe5 10. Nc3 Qf6 11. Qe2 O-O-O 12. Be3 Qe7 13. a4 Nf6 14. a5
Rdg8 15. Qc4 g5 16. Na4 Nd7 17. Rfb1 g4 18. b4 gxh3 19. g3 h5 20. Nc5 Nb8 21.
Qe6+ Qxe6 22. Nxe6 h4 23. Kh2 hxg3+ 24. fxg3 Be7 25. Rf1 Rg6 26. Nc5 Rhg8 27.
Rf3 Nd7 28. Nd3 Bg5 29. Raf1 Bxe3 30. Rxe3 b6 31. Rf5 Rg5 32. Ref3 Rxf5 33.
Rxf5 c5 34. axb6 cxb4 35. Nxb4 Rg4 36. Nxa6 cxb6 37. Nb4 Rxe4 38. Nd5 Re2+ 39.
Kxh3 Rxc2 40. g4 Rc5 41. Nb4 e4 42. Rxc5+ bxc5 43. Nd5 Ne5 44. Kg3 Kd7 45. Kf4
Ke6 46. Ne3 Nxg4 47. Kxe4 Nxe3 48. Kxe3 Ke5 49. Kd3 Kd5 50. Kc3 c4 51. Kc2 Kd4
52. Kd2 c3+ 0-1

[Event "Open SSM Luglio"]
[Site "Milano ITA"]
[Date "2015.07.05"]
[Round "5"]
[White "Cazzaniga, Walter"]
[Black "Vezzosi, Paolo"]
[WhiteElo "2163"]
[BlackElo "2349"]
[Result "0-1"]
[PlyCount "140"]
[EventDate "2015.07.02"]

1. d4 c5 2. d5 e5 3. Nc3 d6 4. e4 Be7 5. Nf3 a6 6. a4 Bg4 7. Be2 Bxf3 8. Bxf3
Bg5 9. Bxg5 Qxg5 10. a5 Nd7 11. Qd2 h6 12. h4 Qxd2+ 13. Kxd2 Ngf6 14. g4 Ke7
15. Na4 g5 16. h5 Rhb8 17. Ra2 Ne8 18. Be2 Nc7 19. Rha1 b5 20. axb6 Nxb6 21. b3
Nxa4 22. Rxa4 Rb6 23. Bc4 Kd8 24. c3 Ra7 25. Kc2 Ke7 26. b4 Ra8 27. bxc5 dxc5
28. Ra5 Kd6 29. Re1 Rab8 30. Ra2 Ke7 31. Kd3 Rb2 32. Rxb2 Rxb2 33. Ra1 Rxf2 34.
Bxa6 Ne8 35. Kc4 Nd6+ 36. Kxc5 Nxe4+ 37. Kb4 Rb2+ 38. Kc4 Nd2+ 39. Kd3 Nb3 40.
Ra3 Kd6 41. c4 Nc5+ 42. Ke3 Rh2 43. Ra1 Rh3+ 44. Ke2 e4 45. Bb5 Ke5 46. Rf1 Nd3
47. Rxf7 Nf4+ 48. Kd1 e3 49. c5 Nxd5 50. Bc4 Nb4 51. Rd7 Rh1+ 52. Ke2 Rc1 53.
Bd3 Rxc5 54. Re7+ Kd4 55. Re4+ Kc3 56. Bb1 Nd5 57. Re8 Rb5 58. Be4 Rb2+ 59. Ke1
Nf4 60. Bf5 Kd4 61. Re4+ Kd5 62. Re8 e2 63. Rd8+ Ke5 64. Rd2 Rb3 65. Rd8 Rg3
66. Re8+ Kd6 67. Kd2 Rg1 68. Bc2 Rxg4 69. Rh8 Rg1 70. Rxh6+ Ke5 0-1

[Event "Open SSM Luglio"]
[Site "Milano ITA"]
[Date "2015.07.05"]
[Round "5"]
[White "Colica, Daniele"]
[Black "Ruggeri, Igor"]
[WhiteElo "1686"]
[BlackElo "1528"]
[Result "0-1"]
[PlyCount "126"]
[EventDate "2015.07.02"]

1. Nf3 Nf6 2. b3 d5 3. Bb2 e6 4. e3 Be7 5. g3 O-O 6. Bg2 c5 7. O-O Nc6 8. d4
cxd4 9. exd4 b6 10. c4 Bb7 11. Nbd2 Rc8 12. Qe2 dxc4 13. bxc4 Ba6 14. Rac1 Na5
15. Rfd1 Bb4 16. a3 Bxd2 17. Nxd2 Nd5 18. Bf1 Nf6 19. Qe1 Bb7 20. Bd3 Nh5 21.
Be4 Qg5 22. Bxb7 Nxb7 23. Ne4 Qg4 24. Qe3 f5 25. Ng5 f4 26. Qxe6+ Qxe6 27. Nxe6
Rfe8 28. d5 Nd6 29. c5 bxc5 30. Rxc5 Rxc5 31. Nxc5 Re2 32. Bc1 fxg3 33. hxg3
Kf7 34. Kf1 Rc2 35. Ne6 Ne4 36. Ng5+ Nxg5 37. Bxg5 Rc7 38. d6 Rd7 39. Be7 Nf6
40. Rc1 Ne8 41. Rd1 Nxd6 42. Bxd6 Ke6 43. f4 Rxd6 44. Rxd6+ Kxd6 45. Ke2 Kd5
46. Kd3 g6 47. g4 h6 48. Ke3 a5 49. a4 h5 50. Kf3 h4 51. g5 h3 52. Kg3 Ke4 53.
Kxh3 Kxf4 54. Kh4 Kf5 55. Kh3 Kxg5 56. Kg3 Kf5 57. Kf3 Ke5 58. Kg4 Kd4 59. Kg5
Kc4 60. Kxg6 Kb4 61. Kf5 Kxa4 62. Ke4 Kb3 63. Kd3 a4 0-1

[Event "Open SSM Luglio"]
[Site "Milano ITA"]
[Date "2015.07.05"]
[Round "5"]
[White "Finocchiaro, Gianluca"]
[Black "Ricciardi, Arcangelo"]
[WhiteElo "2018"]
[BlackElo "1766"]
[Result "0-1"]
[PlyCount "52"]
[EventDate "2015.07.02"]

1. e4 e5 2. Nf3 Nc6 3. d4 exd4 4. Nxd4 Bc5 5. Be3 Qf6 6. Nb5 Bxe3 7. fxe3 Qh4+
8. g3 Qxe4 9. Nxc7+ Kd8 10. Nxa8 Nf6 11. Nc3 Qxh1 12. Qd6 Qf3 13. Qc7+ Ke7 14.
Be2 Qxe3 15. Rd1 Qc5 16. Qf4 d6 17. Nc7 Be6 18. a3 a6 19. Qh4 Qg1+ 20. Bf1 Ne5
21. N7d5+ Bxd5 22. Nxd5+ Kd8 23. Qb4 Nxd5 24. Qxd6+ Nd7 25. c4 Qe3+ 26. Be2 Re8
0-1

[Event "Open SSM Luglio"]
[Site "Milano ITA"]
[Date "2015.07.05"]
[Round "5"]
[White "Maccari, Piergiuseppe"]
[Black "Lattanzio, Savino"]
[WhiteElo "1812"]
[BlackElo "2155"]
[Result "0-1"]
[PlyCount "68"]
[EventDate "2015.07.02"]

1. Nf3 Nf6 2. g3 b6 3. Bg2 Bb7 4. O-O e6 5. c4 Be7 6. d4 O-O 7. Nc3 d5 8. Ne5
Nbd7 9. Bf4 c5 10. Rc1 Rc8 11. cxd5 exd5 12. e3 c4 13. Qe2 Bb4 14. Rfd1 Bxc3
15. Rxc3 b5 16. a3 a5 17. Rcc1 Nb6 18. Bg5 h6 19. Bxf6 Qxf6 20. b3 Qd6 21. a4
bxa4 22. bxc4 Ba6 23. Qd2 Nxc4 24. Nxc4 Bxc4 25. Qxa5 a3 26. e4 Ra8 27. Qc5
Qxc5 28. dxc5 Bb3 29. exd5 Bxd1 30. Rxd1 a2 31. Ra1 Rfb8 32. Be4 Ra4 33. c6
Rxe4 34. Rxa2 Rd4 0-1

[Event "Open SSM Luglio"]
[Site "Milano ITA"]
[Date "2015.07.05"]
[Round "5"]
[White "Madaschi, Sergio"]
[Black "Frignani, Alessandro"]
[WhiteElo "1523"]
[BlackElo "1403"]
[Result "0-1"]
[PlyCount "41"]
[EventDate "2015.07.02"]

1. e4 e5 2. Nf3 Qf6 3. d4 exd4 4. Nxd4 Bc5 5. Nf3 Qb6 6. Qd2 Nf6 7. Bd3 Nc6 8.
a3 Ng4 9. O-O Nce5 10. Nc3 Qg6 11. Kh1 b6 12. b4 Be7 13. Nd5 Bd6 14. Nxe5 Nxe5
15. f4 Nxd3 16. cxd3 Bb7 17. Bb2 c6 18. Ne3 O-O 19. Nc4 Bc7 20. e5 f5 21. Rf3 {
...} 0-1

[Event "Open SSM Luglio"]
[Site "Milano ITA"]
[Date "2015.07.05"]
[Round "5"]
[White "Moreschi, Mauro"]
[Black "Carli, Federico"]
[WhiteElo "1825"]
[BlackElo "1677"]
[Result "1-0"]
[PlyCount "79"]
[EventDate "2015.07.02"]

1. e4 g6 2. d4 Bg7 3. Nc3 c6 4. Be3 Qc7 5. Qd2 d6 6. O-O-O Nf6 7. Be2 O-O 8.
Bh6 Nbd7 9. h4 e5 10. Bxg7 Kxg7 11. h5 exd4 12. Qxd4 Ne5 13. h6+ Kg8 14. Qxd6
Qxd6 15. Rxd6 Neg4 16. Bxg4 Nxg4 17. f3 Ne3 18. Rh2 Be6 19. b3 Rfd8 20. Rxd8+
Rxd8 21. Nge2 f5 22. e5 Bd5 23. Nf4 Kf7 24. Ncxd5 Nxd5 25. Nxd5 Rxd5 26. f4 Rd4
27. g3 g5 28. Rh5 gxf4 29. Rxf5+ Ke6 30. Rxf4 Kxe5 31. Rf7 Rg4 32. Rxh7 Rxg3
33. Rxb7 Rh3 34. Rxa7 Rxh6 35. Kb2 Kd5 36. Ra5+ Kd4 37. Ra4+ Ke3 38. Rc4 Kd2
39. a4 Ke3 40. Ka3 1-0

[Event "Open SSM Luglio"]
[Site "Milano ITA"]
[Date "2015.07.05"]
[Round "5"]
[White "Spelta, Andrea"]
[Black "Nikonov, Maxim"]
[WhiteElo "1788"]
[BlackElo "1535"]
[Result "1-0"]
[PlyCount "163"]
[EventDate "2015.07.02"]

1. Nf3 Nf6 2. d4 d5 3. g3 g6 4. Bg2 Bg7 5. O-O O-O 6. b3 Bf5 7. Bb2 Qc8 8. Re1
Bh3 9. Bh1 Nbd7 10. Nc3 c6 11. e4 dxe4 12. Nxe4 Nxe4 13. Rxe4 c5 14. Rxe7 h6
15. Re1 cxd4 16. Bxd4 Nf6 17. Qd2 Rd8 18. Rad1 Nh7 19. Qc1 Bg4 20. Bxg7 Rxd1
21. Qxd1 Kxg7 22. Qd4+ Nf6 23. c4 Qc7 24. Qc3 Rd8 25. Nd2 Bf5 26. Ne4 Bxe4 27.
Bxe4 Rc8 28. Re3 b5 29. Rf3 Qd6 30. Bd5 bxc4 31. bxc4 a5 32. Qxa5 Nxd5 33. Qxd5
Qxd5 34. cxd5 Rc1+ 35. Kg2 Rd1 36. a4 Rxd5 37. Ra3 Ra5 38. Kf3 Kf6 39. Ke4 Ke6
40. Kd4 Kd6 41. Kc4 Kc6 42. Kb4 Kb6 43. h4 g5 44. hxg5 hxg5 45. Rf3 f5 46. Re3
Rd5 47. Re6+ Ka7 48. Re2 f4 49. gxf4 gxf4 50. Re4 Rf5 51. f3 Ka6 52. Re6+ Ka7
53. a5 Rd5 54. Rf6 Rd4+ 55. Kc5 Ra4 56. Kb5 Rd4 57. Rf7+ Ka8 58. Kb6 Rb4+ 59.
Kc5 Ra4 60. Kb5 Rd4 61. a6 Rd1 62. Rxf4 Rb1+ 63. Rb4 Rf1 64. f4 Ka7 65. Rc4
Rb1+ 66. Kc6 Rb6+ 67. Kd7 Rxa6 68. f5 Kb8 69. Rc6 Ra7+ 70. Ke6 Kb7 71. Rc1 Ra6+
72. Ke7 Ra2 73. Re1 Kc8 74. f6 Ra7+ 75. Kf8 Ra2 76. f7 Kd7 77. Rd1+ Ke6 78.
Re1+ Kd7 79. Rg1 Re2 80. Kg7 Re7 81. Rd1+ Ke6 82. Re1+ 1-0

[Event "Open SSM Settembre"]
[Site "Milano ITA"]
[Date "2015.09.10"]
[Round "1"]
[White "Cagnotto, Marco"]
[Black "Fantina, Carla"]
[WhiteElo "1680"]
[BlackElo "1328"]
[Result "1-0"]
[PlyCount "67"]
[EventDate "2015.10.15"]

1. e4 d6 2. d4 Nf6 3. Nc3 g6 4. f4 Bg7 5. Nf3 O-O 6. Bc4 Nxe4 7. Nxe4 d5 8. Bd3
dxe4 9. Bxe4 c6 10. O-O Nd7 11. c3 Nf6 12. Bc2 Nd5 13. Qe2 a5 14. a4 b6 15. Re1
e6 16. Be3 Qe7 17. Qd2 Nxe3 18. Qxe3 b5 19. Ne5 Bb7 20. Bb3 Rad8 21. Nxf7 Rxf7
22. Bxe6 Qd6 23. Bxf7+ Kxf7 24. axb5 cxb5 25. Rxa5 Kg8 26. Ra7 Qc6 27. Re2 b4
28. Qe7 Rb8 29. Qxb4 Bf6 30. Qb3+ Kg7 31. Qe6 Kh6 32. Qxc6 Bxc6 33. Re6 Rxb2
34. Rxc6 1-0